000 00792nam a2200193 a 4500
003 0
005 20250414123133.0
008 060802s19uu xx 00 eng d
050 _aPHS LB 1027.5
_b.V47 2006
100 _aVergara, John Paul V.
245 _aPolitical awareness and its effect on the career choice of grade 11 students in Southville International School and Colleges /
_cJohn Paul V. Vergara.
260 _aLas PiƱas City, Philippines :
_bSouthville International School and Colleges,
_c2006.
300 _a73 pages :
_billustrations ;
_c28 cm.
504 _aIncludes bibliographical references.
650 _aCareer choice
_xPsychological aspects.
650 _aPolitical socialization
_xStudents.
650 _aVocational guidance
_xHigh school students.
942 _2lcc
_cPASS
999 _c97677
_d97677